Представление документа в формате RUSMARC

ПолеНазваниеЗначение
  Тип записи a
  Библиографический уровень m
001 Контрольный номер RU\bookru\bibl\919835
003 Постоянный идентификатор записи http://www.book.ru/book/919835
005 Дата корректировки 20161026112536.9
010 Индекс ISBN __
a ISBN 978-5-406-04961-7
100 Данные общей обработки 0_
a Данные общей обработки 20160409d2016 mk y0rusy50 ca
101 Язык документа 0_
a Язык текста Русский
102 Страна публикации __
a Страна публикации RU
105 Кодированные данные (монография) __
a Кодированные данные (монография) y ||||000yy
200 Заглавие и сведения об ответственности 1_
a Заглавие Финансовая математика (для бакалавров)
210 Выходные данные __
a Место издания Москва
c Издательство КноРус
d Дата издания 2016
215 Физическое описание __
a Объем 176
330 Аннотация __
a Аннотация Посвящено изложению основных идей современной теории корпоративных и личных финансов. Основным отличием от других учебных изданий является достаточно детальное рассмотрение финансовой и актуарной математики как количественной основы управления финансами, причем рассматривается не только финансовая арифметика, но также теория оптимального портфеля, теория ценообразования основных и производ-ных финансовых инструментов, теория стоимости фирмы и структуры капитала, модель оценки основных активов, современные подходы к измерению риска (VaR и RAROC) и др. Изложение теоретических результатов иллюстрируется примерами практических задач, многие из которых решаются с применением пакета Microsoft Excel. В конце каждой главы приводятся задания для самостоятельной работы. Соответствует ФГОС ВО 3+. Для студентов бакалавриата, обучающимся по направлениям подготовки экономики и управления. Может быть полезно аспирантам, преподавателям, научным сотрудникам, экономистам и менеджерам — практикам, а также всем желающим расширить свои знаний в области финансов
606 Тематические рубрики __
a Основная рубрика Управление и планирование экономики
2 Код системы local
608 Указатель предметных рубрик __
a Жанр/форма Учебное пособие
2 Код системы local
675 Индекс УДК __
a Индекс УДК 681.140(075.8)
z Язык издания rus
686 Индексы других классификаций __
a Классификационный индекс 65.26я73
2 Код системы rubbk
700 Автор _1
a Фамилия Соловьев В.И.
801 Источник записи _1
a Страна RU
b Организация book_ru
c Дата составления 20160409
g Правила каталогизации RCR
856 Электронный адрес документа 4_
u Универсальный указатель ресурса (URL) http://www.book.ru/book/919835
951 __
a http://www.book.ru/book/919835